Eurouniálny prepravný trh a pozícia štátnej a verejnej správy
Legislatívne predpoklady prístupu na tuzemský a európsky prepravný trh. Ekonomické a sociálne podmienky prístupu na prepravný trh. Predpoklady - rovnosť prístupu, rovnocenné zdanenie. Opatrenia v normatívnej oblasti. Trendy vývoja európskeho prepravného systému.
Salvato in:
| Autore principale: | |
|---|---|
| Natura: | Capitolo di libro |
| Lingua: | slovacco |
| Soggetti: | |
| Tags: |
Nessun Tag, puoi essere il primo ad aggiungerne!!
|
MARC
| LEADER | 00000naa$a2200000$$$4500 | ||
|---|---|---|---|
| 001 | 0052310 | ||
| 005 | 20231013071522.3 | ||
| 041 | 0 | |a slo | |
| 044 | |a SK | ||
| 245 | 1 | 0 | |a Eurouniálny prepravný trh a pozícia štátnej a verejnej správy |c Jaroslav Bartl |
| 520 | |a Legislatívne predpoklady prístupu na tuzemský a európsky prepravný trh. Ekonomické a sociálne podmienky prístupu na prepravný trh. Predpoklady - rovnosť prístupu, rovnocenné zdanenie. Opatrenia v normatívnej oblasti. Trendy vývoja európskeho prepravného systému. | ||
| 610 | 2 | 0 | |a preprava |
| 610 | 2 | 0 | |a trh vnútorný |
| 610 | 2 | 0 | |a trh spoločný |
| 610 | 2 | 0 | |a legislatíva |
| 610 | 2 | 0 | |a zdaňovanie |
| 610 | 2 | 0 | |a Európska únia |
| 100 | 1 | |a Bartl, Jaroslav | |